000 01021nas a2200301 4500
001 BR8501089
003 BR-BrBNA
005 20231205090127.0
007 ta
008 230509b bl.|||p| |||| 00| 00por d
040 _aBR-BrBNA
_bpor
_cBiblioteca Nacional de Agricultura
041 _a(Pt)
072 _aL10
100 1 _aTorres, R. de A.
100 1 _aSilva, M. de A. e
100 1 _aTorres, J.R.
100 1 _aSoares, P.R.
100 1 _aFonseca, J.B.
111 1 _c[Part of thesis]
245 1 _aEstudo de pesos e mensuracoes do corpo de tres linhagens de poedeiras em cruzamentos dialelicos
_bParte de tese
246 1 _aStudy of weights and body sizes in the diallel crosses of three lines of layer chickens
650 _aGALINHA PARA POSTURA
650 _aLINHAGEM
650 _aCRUZAMENTO DIALELICO
773 0 _tRevista da Sociedade Brasileira de Zootecnia (Brazil)
_xISSN 0100-4859
_g(1984), v. 13(3) p. 385-394
_wBR8501089
909 _a202311
_bLúcia
_c55
_dLúcia Elande
942 _2AGRIS
_n0
_cANA
999 _c116292
_d116292